Multiple Choice-Stadtquiz Eupen - Statistiken

Allgemein
  • Dieses Quiz wurde 8 mal gespielt
  • Das Durchschnittsergebnis liegt bei 4 aus 10
Antwortstatistiken
Frage Antwort % Korrekt
Welche deutsche Großstadt liegt Eupen am nächsten? Aachen
86%
An welches Naturschutzgebiet grenzt Eupen? Hohes Venn
71%
Wie viele Einwohner hat Eupen ungefähr? 20.000
57%
Welcher "Das Kanu des Manitu"-Filmstar stammt aus Eupen? Jasmin Schwiers
43%
Welcher Dialekt wird in Eupen gesprochen? Eupener Platt
29%
Zu welcher Provinz gehört Eupen? Lüttich
29%
Eupen war ein Zentrum welcher Industrie? Tuchindustrie
29%
Welches Naturzentrum befindet sich in Eupen? Haus Ternell
14%
Welcher Fußballweltmeister von 1974 wurde in Eupen geboren? Herbert Wimmer
14%
Wie heißt ein Fluss, der durch Eupen fließt? Weser
0%
Keine übereinstimmenden Quizze gefunden
Verteilung der Resultate
Anzahl Personen mit jedem Resultat
Perzentil nach korrekt beantworteten Fragen
Ihre Resultats-Entwicklung
Sie haben dieses Quiz noch nicht gespielt